Council tax exemptions and unoccupied dwellings where a planning condition prevents occupancy: consultation paper (Record no. 105007)

MARC details
000 -LEADER
fixed length control field 01527cam a2200205 4500
001 - CONTROL NUMBER
control field ##L132078
008 - FIXED-LENGTH DATA ELEMENTS--GENERAL INFORMATION
fixed length control field 060103n2005 000 0 eng u
035 ## - SYSTEM CONTROL NUMBER
System control number (Sirsi) u132078
041 0# - LANGUAGE CODE
Language code of text/sound track or separate title eng
050 04 - LIBRARY OF CONGRESS CALL NUMBER
Classification number 336.185 $2 18
110 1# - MAIN ENTRY--CORPORATE NAME
Corporate name or jurisdiction name as entry element United Kingdom
Subordinate unit Office of the Deputy Prime Minister
245 00 - TITLE STATEMENT
Title Council tax exemptions and unoccupied dwellings where a planning condition prevents occupancy: consultation paper
260 ## - PUBLICATION, DISTRIBUTION, ETC.
Place of publication, distribution, etc. London
Name of publisher, distributor, etc. ODPM
Date of publication, distribution, etc. 2005
520 ## - SUMMARY, ETC.
Summary, etc. Seeks views on a proposed amendment to Class G of the Council Tax (Exempt Dwellings) Order 1992 which would clarify that an unoccupied dwelling in England is exempt from council tax where a planning condition prevents occupancy. There is currently confusion about whether an unoccupied dwelling qualifies for exemption in this situation. Different billing authorities have interpreted this provision in different ways. It is ODPM's present view that Class G would not apply if there were a planning condition which prevented occupancy. This causes a particular problem for chalet owners where planning conditions prevent occupancy for a period each year. Responses are required by 17 March 2006.
590 ## - LOCAL NOTE (RLIN)
Local note IKA030106
650 24 - SUBJECT ADDED ENTRY--TOPICAL TERM
Topical term or geographic name entry element COUNCIL TAX (EXEMPT DWELLINGS) ORDER 1992
690 ## - LOCAL SUBJECT ADDED ENTRY--TOPICAL TERM (OCLC, RLIN)
Topical term or geographic name as entry element PROPERTY-RESIDENTIAL PROPERTY-RESIDENTIAL PROPERTY TAXATION-COUNCIL TAX
856 40 - ELECTRONIC LOCATION AND ACCESS
Uniform Resource Identifier <a href="https://www.communities.gov.uk/publications/localgovernment/counciltaxexemptionsconsult?view=Standard">https://www.communities.gov.uk/publications/localgovernment/counciltaxexemptionsconsult?view=Standard</a>
Public note View the consultation free of charge at www.dclg.gov.uk...
942 ## - ADDED ENTRY ELEMENTS (KOHA)
Suppress in OPAC 0
Holdings
Withdrawn status Lost status Source of classification or shelving scheme Damaged status Not for loan Home library Current library Shelving location Date acquired Total Checkouts Full call number Barcode Date last seen Copy number Price effective from Koha item type
    Dewey Decimal Classification     Virtual Virtual Online 03/01/2006   ONLINE PUBLICATION 132078-2001 06/08/2019 1 06/08/2019 Book